| 000 | 01226nab a22002297a 4500 | ||
|---|---|---|---|
| 999 |
_c6089 _d6089 |
||
| 003 | OSt | ||
| 005 | 20260121205045.0 | ||
| 008 | 190502c xxu||||| |||| 00| 0 spa d | ||
| 040 | _cPJ | ||
| 100 |
_96863 _aAmaro Piccinini, Georgina |
||
| 245 | 1 | 0 |
_aApuntes para garantizar la perspectiva de género en el jurado / _cGeorgina Amaro Piccinini, Natasha Deligiannis. |
| 260 |
_aCiudad Autónoma de Buenos Aires : _bThomson Reuters La Ley, _c2024. |
||
| 300 | _ap. 3-14 | ||
| 505 | _aSumario: I. Introducción: ¿cómo garantizar la perspectiva de género en el jurado?— II. Dos modelos en pugna: ¿capacitación ad hoc o instrucciones?— III. La perspectiva de género en las instrucciones al jurado: contenidos mínimos.— IV. Conclusiones: instrucciones al jurado con debida diligencia reforzada. | ||
| 505 | _t¿Te interesa el texto completo? Solicitalo al correo: koha@justierradelfuego.gov.ar | ||
| 650 | 0 |
_9343 _aDERECHO PENAL |
|
| 650 | 0 |
_93067 _aJUICIO POR JURADOS |
|
| 650 | 0 |
_94044 _aPERSPECTIVA DE GÉNERO |
|
| 700 |
_96634 _aDeligiannis, Natasha |
||
| 773 | 0 |
_02729 _93180 _dBuenos Aires : LexisNexis, 2006- _tRevista de derecho penal y procesal penal. Nº 9 - Septiembre 2024 _z9875920622 |
|
| 942 |
_2udc _cANA |
||